Films Ghibli par images - Mort subite #1 - Statistiques

Statistiques générales
  • Ce quiz a été pris 5 387 fois
  • Le résultat moyen est 6 sur 10
Answers on the Grid
Answers color-coded by a green-red scale on the quiz's grid according to % correct below.
 
Statistiques - réponses
Réponse % Correct
Mon voisin Totoro
75%
Le Voyage de Chihiro
71%
Porco Rosso
69%
Le Château ambulant
69%
Le Garçons et le Héron
65%
Arrietty : Le Petit Monde des Chapardeurs
60%
Princesse Mononoké
58%
Le Château dans le ciel
57%
Pompoko
46%
Souvenirs de Marnie
44%
Aucun quiz correspondant
Distribution des résultats
% des personnes avec chaque résultat
Percentile par nombre de réponses
Votre historique - résultats
Vous n’avez pas pris ce quiz